000 00306nam a2200121Ia 4500
008 190802s9999 xx 000 0 und d
020 _a978-969-637-141-0
100 _aMuhammad Nauman
245 0 _aComprehensive MCQs in Biochemistry
260 _aIndia
_bParamount
_c2016
300 _a537:p
942 _cBK
999 _c2183
_d2183